Statistics for Top Box Office Stars of the 1990s

Click here to take the quiz!

General Stats

  • This quiz has been taken 16,132 times
  • The average score is 14 of 38

Answer Stats

# Years Actor % Correct
7Tom Cruise
79%
5Tom Hanks
79%
1Brad Pitt
71%
6Julia Roberts
66%
2Leonardo DiCaprio
64%
2Will Smith
55%
2Bruce Willis
54%
4Arnold Schwarzenegger
53%
1Robert De Niro
50%
6Harrison Ford
48%
1Sylvester Stallone
44%
7Robin Williams
41%
9Mel Gibson
40%
4Jim Carrey
38%
3John Travolta
38%
2Jack Nicholson
37%
3Sandra Bullock
36%
1Demi Moore
35%
2Tommy Lee Jones
35%
2Meg Ryan
34%
1Richard Gere
30%
6Kevin Costner
29%
1Cameron Diaz
28%
1Eddie Murphy
28%
2Adam Sandler
27%
3Michael Douglas
25%
2Sean Connery
25%
2Clint Eastwood
23%
2Jodie Foster
23%
1Dustin Hoffman
22%
1Patrick Swayze
21%
1Mike Myers
17%
1Tim Allen
17%
1Michelle Pfeiffer
15%
2Whoopi Goldberg
15%
2Macaulay Culkin
15%
1Billy Crystal
12%
1Steven Seagal
10%

Score Distribution

Percentile by Number Answered

Percent of People with Each Score

Your Score History

You have not taken this quiz